000 00351nam a2200133Ia 4500
005 20251222143211.0
008 251222s9999||||xx |||||||||||||| ||spa||
020 _a9972-9972-1-9
082 _a343.055/B26
100 _aBassallo Ramos, Carlos
245 0 _aGuía Práctica del Impuesto General las Ventas
264 _bGaceta Jurídica
942 _cLIB
999 _c13445
_d13445